书目信息 |
| 书名: | Ethiopia in broader perspective | |
| 作者: | edited by Katsuyoshi Fukui, Eisei Kurimoto, Masayoshi Shigeta. | |
| 分册号: | ||
| 分册名: | 出版地: | Kyoto, Japan : |
|
| 出版社: | Shokado Book Sellers | |
| 出版时间: | 1997. | |
| 页数: | 3 v. : | |
| 开本: | 26 cm. | |
| 丛书名: | ||
| 中图分类号: | ||
| 科图分类号: | ||
| 其他分类号: | D742.1 | |
| 主题词: | ||
| 电子资源: | ||
| 000 | 01483cam a2200373 a 450 | |
| 001 | E0754736973 | |
| 005 | 20070427151358.31 | |
| 008 | 030530s1997 ja ab b 100 0 eng | |
| 010 | @a2003404429 | |
| 020 | @a4879749761 (v. 1). | |
| 020 | @a4879749788 (v. 3). | |
| 020 | @a487974977X (v. 2). | |
| 040 | @aDLC@cDLC@dDLC | |
| 041 | 0 | @aengfre |
| 043 | @af-et--- | |
| 050 | 00 | @aDT371.2@b.I57 1997 |
| 082 | 00 | @a963@2 21 |
| 090 | @aD742.1 | |
| 099 | @dD742.1@ex63:3 | |
| 111 | 2 | @aInternational Conference of Ethiopian Studies@n(13th :@d1997 :@cKyoto, Japan) |
| 245 | 10 | @aEthiopia in broader perspective :@bpapers of the XIIIth International Conference of Ethiopian Studies, Kyoto, 12-17 December 1997.@nVOLUME Ⅲ / @cedited by Katsuyoshi Fukui, Eisei Kurimoto, Masayoshi Shigeta. |
| 250 | @a1st ed. | |
| 260 | @aKyoto, Japan :@bShokado Book Sellers,@c1997. | |
| 300 | @a3 v. :@bill., maps ;@c26 cm. | |
| 504 | @aIncludes bibliographical references. | |
| 546 | @aEnglish; 3 papers in French. | |
| 651 | 0 | @aEthiopia@vCongresses. |
| 700 | 1 | @aShigeta, Masayoshi. |
| 700 | 1 | @aFukui, Katsuyoshi,@d1943- |
| 700 | 1 | @aKurimoto, Eisei. |
| 906 | @a7@bcbc@corignew@d2@encip@f20@gy-gencatlg | |
| 923 | @d030530@sThe Japan Association for Nilo-Ethiopian Studies | |
| 925 | 0 | @aacquire@b1 shelf copy@xpolicy default |
| 955 | @amd07 to HLCD 05-30-03@clk50 2003-06-10@dlk03 2003-06-10 to shelflisting@elh44 2003-06-23 (v. 1-3) to Dewey@aaa08 2003-06-24 | |
| Ethiopia in broader perspective : : papers of the XIIIth International Conference of Ethiopian Studies, Kyoto, 12-17 December 1997.. VOLUME Ⅲ / / edited by Katsuyoshi Fukui, Eisei Kurimoto, Masayoshi Shigeta.-1st ed.-Kyoto, Japan : : Shokado Book Sellers, , 1997. |
| 3 v. : : ill., maps ; ; 26 cm. |
| Includes bibliographical references.-English; 3 papers in French. |
| ISBN 4879749761 (v. 1). |
| ● |
| 相关链接 |
|
|
|
|
正题名:Ethiopia in broader perspective
索取号:D742.1/x63:3
 
预约/预借
| 序号 | 登录号 | 条形码 | 馆藏地/架位号 | 状态 | 备注 |
| 1 | 5812 | 300058121 | 第二样本阅览室/ [索取号:D742.1/x63:3] | 在馆 |